| Tag |
First Indicator |
Second Indicator |
Subfields |
| LEADER |
00000cam a2200000 a 4500 |
| 001 |
in00000074116 |
| 005 |
20151008060202.0 |
| 008 |
800808s1981 nyu b 00110 engm |
| 010 |
|
|
|a 80020787
|
| 020 |
|
|
|a 0080263364
|
| 020 |
|
|
|a 0080263356 (pbk.)
|
| 035 |
|
|
|a (OCoLC)06648555
|
| 035 |
|
|
|9 AAJ5280AM
|
| 040 |
|
|
|a DLC
|c DLC
|d m.c.
|d OCL
|d TXA
|d UtOrBLW
|
| 049 |
|
|
|a TXAM
|c [1196390]
|
| 050 |
0 |
0 |
|a HF1413
|b .B345 1981
|
| 082 |
0 |
|
|a 330.9172/4
|2 19
|
| 100 |
1 |
|
|a Balassa, Bela A.
|
| 245 |
1 |
4 |
|a The newly industrializing countries in the world economy /
|c Bela Balassa.
|
| 264 |
|
1 |
|a New York :
|b Pergamon Press,
|c [1981]
|
| 264 |
|
4 |
|c ©1981
|
| 300 |
|
|
|a xxiii, 461 pages ;
|c 24 cm.
|
| 336 |
|
|
|a text
|b txt
|2 rdacontent
|
| 337 |
|
|
|a unmediated
|b n
|2 rdamedia
|
| 338 |
|
|
|a volume
|b nc
|2 rdacarrier
|
| 490 |
1 |
|
|a Pergamon policy studies on international development
|
| 504 |
|
|
|a Includes bibliographical references and index.
|
| 651 |
|
0 |
|a Developing countries
|x Commerce.
|
| 830 |
|
0 |
|a Pergamon policy studies on international development.
|
| 999 |
|
|
|a MARS
|
| 999 |
f |
f |
|s 9c819ecd-f733-3dc4-a6dc-3e0c6e8780b5
|i fcae6700-f7ba-37de-96e4-6f24fef121b2
|t 0
|
| 952 |
f |
f |
|p ric
|a Texas A&M University
|b Rellis Campus
|c Joint Library Facility
|d Remote Storage
|t 0
|e HF1413 .B345 1981
|h Library of Congress classification
|i unmediated -- volume
|m A14806133573
|
| 998 |
f |
f |
|a HF1413 .B345 1981
|t 0
|l Remote Storage
|